000 01191cam a2200205 4500
001 ABS63271
008 000000n2001 000 0 eng u
035 _a(Sirsi) u110277
245 _aKeep within the access law
260 _c2001
490 _aCSM (Chartered Surveyor Monthly)
_vJanuary 2001, 27(1)
520 _aDescribes the setting-up of the National Register of Access Consultants which provides the names of accredited auditors with the aim to simplify compliance with the Disability Discrimination Act (DDA). The register was set-up after the recognition of a lack of knowledge on access issues. The DDA requires property owners who provide goods, services and employment to carry out an access audit and to make any necessary changes in order to comply with the act. Provides a list of organisations and their websites for further information.
590 _aABS
650 _aNATIONAL REGISTER OF ACCESS CONSULTANTS
650 _aDISABILITY DISCRIMINATION ACT 1996
650 _aMANAGEMENT-BUSINESS MANAGEMENT-DISCRIMINATION-DISABILITY DISCRIMINATION-ACCESSIBILITY-ACCESS AUDITS
650 _aCOMPLIANCE
690 _aBUILT ENVIRONMENT-CONSTRUCTION DESIGN
942 _n0
999 _c65761
_d65761